[Event "1st Guwahati GM Open 2022"]
[Site "Guwahati"]
[Date "2022.03.15"]
[Round "2.17"]
[White "Deepan Chakkravarthy J."]
[Black "Ghimire, Arjun"]
[Result "1-0"]
[WhiteElo "2520"]
[BlackElo "1838"]
[Annotator "TA"]
[PlyCount "79"]
[EventDate "2022.03.15"]
[EventRounds "10"]
[EventCountry "IND"]
[SourceTitle "playchess.com"]
[Source "ChessBase"]
[SourceQuality "1"]

{[%evp 9,79,45,67,69,90,30,68,69,99,107,92,89,97,105,103,91,102,82,114,91,75,88,84,66,103,52,133,28,102,105,108,93,144,141,154,140,141,135,192,176,365,368,432,468,577,566,640,643,622,592,631,626,602,618,689,679,683,668,801,784,789,762,785,736,833,878,881,881,851,827,1327,937]} 1. Nf3 Nf6 2. c4 c5 3. Nc3 Nc6 4. e3 d6 5. d4 Bg4 6. Be2 {A34: Symmetrical English: 2 Nc3, lines with ...d5.} e6 7. O-O (7. d5 $16 Bxf3 8. gxf3 (8. Bxf3 exd5 9. Nxd5 Nxd5 $14)) 7... Be7 8. h3 {White is slightly better.} Bf5 {[#]} 9. Nh4 $146 ({Predecessor:} 9. b3 O-O 10. Bb2 Qc8 11. Qd2 Rd8 12. d5 exd5 13. Nxd5 Nxd5 14. Qxd5 Qe6 15. Rfd1 Qxd5 16. Rxd5 {0-1 (46) Kreutzmann,D (1633)-Geerling,A (2026) Goch 2014}) 9... Bg6 10. d5 exd5 11. Nxg6 ({Don't play} 11. cxd5 $6 Nxd5 12. Qxd5 Bxh4 $11) 11... hxg6 12. cxd5 Nb8 13. e4 O-O 14. f4 Nfd7 {Inhibits e5.} 15. Be3 a6 16. a4 {White is more active.} Bf6 17. Bd3 ({White should try} 17. Qc2 $16) 17... Re8 {[#]} (17... Bd4 $14 18. Bf2 Nf6) 18. Kh1 (18. e5 $1 $16 {[%cal Re5e6]}) 18... Bxc3 (18... Bd4 $11 {keeps the balance.} 19. Bf2 Nf6) 19. bxc3 $16 {White stays focused until the end.} Nf6 20. Qf3 $36 {[%mdl 2048] White is on the roll.} Qe7 (20... Nbd7 $142) 21. Rfe1 Nbd7 {[%cal Rf6e4,Bb8d7,Bd7c5,Bc5d3][%mdl 32]} 22. Bf2 c4 23. Bc2 ({Much weaker is} 23. Bxc4 $6 Nxe4 24. Bd4 Rac8 $14) 23... Rac8 (23... Qd8 $16 24. Rab1 Qc7) 24. Bd4 $18 Qf8 $2 (24... Nc5 {might work better.} 25. e5 Nd3) 25. e5 Nh7 26. e6 {White is clearly winning.} Nc5 27. Qg4 {[#] aiming for exf7+.} Nd3 28. e7 Rxe7 29. Rxe7 Nf6 30. Qe2 Nxf4 31. Qe1 N6xd5 32. Rxb7 Re8 33. Qf1 Nh5 {Threatens to win with ...Ng3+.} 34. Kh2 {Prevents Ng3.} Ne3 35. Bxe3 Rxe3 36. Rab1 d5 37. Rb8 Re8 38. Rxe8 Qxe8 39. Qe1 Qc6 40. Qe5 {Weighted Error Value: White=0.13 (very precise) /Black=0.37} 1-0

[Event "1st Guwahati GM Open 2022"]
[Site "Guwahati"]
[Date "2022.03.15"]
[Round "2.18"]
[White "Gajanan Vijay Jayade"]
[Black "Stany, G.A."]
[Result "0-1"]
[WhiteElo "1823"]
[BlackElo "2517"]
[Annotator "TA"]
[PlyCount "104"]
[EventDate "2022.03.15"]
[EventRounds "10"]
[EventCountry "IND"]
[SourceTitle "playchess.com"]
[Source "ChessBase"]
[SourceQuality "1"]

{[%evp 9,104,-10,-12,-17,-11,-16,-23,-26,-15,-44,-42,-36,-21,-20,-16,-43,-37,-40,-49,-41,-41,-65,-41,-51,-49,-50,-52,-43,-44,-39,-38,-34,-27,-47,-50,-64,-64,-64,-63,-64,-68,-66,-61,-70,-71,-79,-41,-57,-60,-76,-19,-19,-22,-25,-21,-14,-20,-52,-40,-63,0,-91,-107,-99,-95,-102,-106,-94,-69,-148,-8,-8,-8,-8,0,-34,-28,-38,-23,-21,-24,-24,-25,-50,-64,-299,-291,-282,-270,-247,-240,-628,-369,-593,-453,-445,-389]} 1. d4 d5 2. Nf3 Nf6 3. Bf4 Nh5 4. Bg5 h6 5. Bh4 g5 6. Bg3 {D02: 1 d4 d5 2 Nf3 sidelines, including 2...Nf6 3 g3 and 2...Nf6 3 Bf4.} Bg7 7. e3 Nxg3 8. hxg3 {Black has an edge.} c5 {[#]} 9. Be2 $146 ({Predecessor:} 9. c3 Qd6 10. Nbd2 Nc6 11. Be2 Bd7 12. a3 f5 13. dxc5 Qxc5 14. Nb3 Qd6 15. Nbd4 Nxd4 16. Nxd4 {½-½ (32) Ozkan,E (2244)-Savchenko,S (2571) Izmir 2007}) 9... Qb6 10. Nc3 cxd4 11. Nxd4 e6 12. O-O O-O 13. Na4 Qa5 14. c4 dxc4 (14... Bd7 {feels hotter.} 15. Nc3 dxc4 16. Bxc4 Rd8 17. Nb3 Qb6) 15. Bxc4 Rd8 {[%cal Ob7b5]} 16. Nb3 Rxd1 17. Nxa5 Rxa1 18. Rxa1 Bd7 19. Nc3 b6 {[%cal Bb7b6,Bb6b5][%mdl 32]} 20. Nb3 Kf8 21. a4 a6 22. a5 b5 23. Be2 Ra7 24. f4 Rc7 25. Rc1 Ke8 26. Kf2 Kd8 27. Ke1 Bf8 28. Kd2 Nc6 29. Rh1 gxf4 (29... Be8 $17) 30. gxf4 $11 Bb4 31. Rxh6 Nxa5 32. Nxa5 (32. Nd4 {with more complications.} Nb7 33. f5 e5 34. Nf3 Bxc3+ 35. bxc3 Bxf5 36. Nxe5 Be6 37. Nd3) 32... Bxa5 33. Rh5 Ke7 (33... f5 $5 {[%cal Rb5b4]}) 34. g4 Bb6 (34... Bc6 $1 $15) 35. b4 {[#]} (35. Bd3 $11) 35... Bxe3+ $1 $17 36. Kxe3 {Ne4 is the strong threat.} Rxc3+ {[%mdl 4096] Endgame KRB-KRB} 37. Kd4 Rb3 38. Kc5 Re3 39. Rh2 ({Better is} 39. Re5 $1 $15 Rc3+ 40. Kb6) 39... Kd8 (39... Rc3+ $17 40. Kb6 Rb3) 40. Kd6 $1 $11 Be8 {Threatens to win with ...Re4.} 41. f5 $1 Re4 {aiming for ...exf5.} 42. fxe6 Rxe6+ 43. Kc5 Rc6+ 44. Kd4 $1 Rc2 45. g5 Ke7 46. Rf2 Bd7 {[%cal Od7g4] Hoping for ...Bg4!} 47. Rh2 $2 {[#] White does not recover from this.} (47. Rg2 $15) 47... Bg4 $1 $19 {[%mdl 512]} 48. g6 fxg6 ({Stronger than} 48... Bxe2 49. g7 Rc4+ 50. Ke3 $19) ({Don't play} 48... Rxe2 49. Rxe2+ Kf8 {[#]} 50. Re8+ $3 {[%mdl 512]} Kg7 51. gxf7 Kxf7 52. Ra8 $18) 49. Rh7+ Kf6 50. Bxg4 (50. Bd3 Rc6 51. Rh8) 50... Rc4+ {[%mdl 64] Skewer, Double Attack} 51. Kd3 $2 (51. Ke3 {only move.} Rxg4 52. Ra7) 51... Rxg4 52. Kc3 Rc4+ {Weighted Error Value: White=0.36/Black=0.13 (very precise)} 0-1

[Event "1st Guwahati GM Open 2022"]
[Site "Guwahati"]
[Date "2022.03.15"]
[Round "2.19"]
[White "Iniyan, P."]
[Black "Tamhankar, Siddhant"]
[Result "1-0"]
[WhiteElo "2516"]
[BlackElo "1804"]
[Annotator "TA"]
[PlyCount "75"]
[EventDate "2022.03.15"]
[EventRounds "10"]
[EventCountry "IND"]
[SourceTitle "playchess.com"]
[Source "ChessBase"]
[SourceQuality "1"]

{[%evp 14,75,20,0,0,0,0,-46,-51,-75,-77,-65,0,0,0,0,7,0,0,0,67,16,33,0,21,0,25,0,82,75,81,73,103,85,95,101,104,67,102,92,126,131,189,123,124,90,145,145,178,178,189,179,191,181,186,164,164,164,176,154,316,235,235,235]} 1. e4 c5 2. Nf3 d6 3. d4 cxd4 4. Nxd4 Nf6 5. Nc3 Nc6 6. Be2 e5 7. Nf3 $1 {[%mdl 4] is more profitable than 7.Nb3 at the moment.} h6 8. Bc4 Be7 {B58: Classical Sicilian: 6 Be2.} 9. h3 O-O 10. g4 {[#]} (10. a3 $11) 10... Be6 $146 {Black is slightly better.} ({Predecessor:} 10... Qa5 11. Bd2 Qc5 12. Bb3 Nd4 13. Be3 Nxf3+ 14. Qxf3 Qa5 15. O-O-O Be6 16. g5 hxg5 17. Bxg5 Bxb3 18. Bxf6 Bxf6 19. cxb3 {½-½ (48) Hauseux,P (1923)-Stoeri,L (2066) Paris 2012}) 11. Bd5 Bxd5 (11... Nxd5 12. exd5 e4 13. Nh2 $16 (13. dxc6 exf3 14. cxb7 Rb8 $11) (13. Nxe4 f5 $14)) 12. exd5 Nd4 (12... Nb4 $15) 13. Nxd4 $11 exd4 14. Qxd4 Nd7 15. Be3 Bf6 16. Qb4 $36 {[%csl LRb7,LRd6][%mdl 2048] White has good play.} Nc5 ({Better is} 16... Rc8 $11) 17. O-O (17. Bxc5 dxc5 18. Qc4 (18. Qxc5 Rc8 $17) (18. Qxb7 $2 Rb8 $19) 18... Re8+ 19. Kf1 Bd4 $11) (17. O-O-O $14) 17... Rc8 18. Rad1 Re8 19. Kg2 Be5 (19... a5 $5 {[%cal Ra5b4]} 20. Qa3 h5 $11) 20. Bd4 h5 (20... a5 $11 21. Qb5 Bxd4 22. Rxd4 f5) 21. Bxe5 $16 Rxe5 22. Rfe1 {Hoping for Rxe5.} hxg4 23. hxg4 ({But not} 23. Qxg4 $6 Rg5 24. Re8+ Qxe8 $11) 23... Qe7 24. Rxe5 Qxe5 25. Qd4 Qe7 26. Rd2 {[%cal Bd1d2,Bd2e2,Be2e4,Be4e5,Be5e8,Be8e7,Be7f7,Bf7b7][%mdl 32]} Nd7 {[#]} 27. Re2 $1 Qh4 (27... Qg5 $16 {was called for.}) 28. Qf4 {Active counter play!} (28. Nb5 $18) 28... Ne5 {[%cal Of7f5]} 29. Re4 Qd8 {[#]} (29... f5 $142 30. gxf5 (30. Qxf5 Rf8 $11) 30... Qh5) 30. Nb5 $1 {[%cal Ob5d6]} Rxc2 {[#]} 31. Nxd6 $1 {[%mdl 512]} Qxd6 32. Rxe5 {[%mdl 4096] Endgame Strongly threatening Re8+. KQR-KQR} Qf6 33. Re8+ Kh7 34. Qxf6 gxf6 35. d6 {d7 would kill now.} Rd2 36. Re7 Rxd6 $2 (36... Rxb2 $16 37. Kf3 (37. Rxf7+ Kg6 $16) 37... Kg7) 37. Rxf7+ $18 Kg6 38. Rxb7 {Weighted Error Value: White=0.16 (very precise) /Black=0.34} 1-0

[Event "1st Guwahati GM Open 2022"]
[Site "Guwahati"]
[Date "2022.03.15"]
[Round "2.20"]
[White "Raahul V S"]
[Black "Neelabh Jyoti Borthakur"]
[Result "1-0"]
[WhiteElo "2478"]
[BlackElo "1780"]
[Annotator "TA"]
[PlyCount "111"]
[EventDate "2022.03.15"]
[EventRounds "10"]
[EventCountry "IND"]
[SourceTitle "playchess.com"]
[Source "ChessBase"]
[SourceQuality "1"]

{[%evp 16,111,26,25,24,19,18,13,15,18,22,17,26,8,82,39,127,120,117,130,131,124,124,118,117,138,116,114,132,131,142,98,121,16,12,0,0,0,0,0,0,0,0,-8,0,-121,0,0,0,0,21,0,19,17,8,18,13,10,91,101,354,55,229,230,232,218,202,231,230,221,229,207,237,244,223,244,239,172,206,79,307,198,230,213,226,218,214,214,331,331,293,237,29989,29990,29990,29991,29991,29992]} 1. c4 e6 2. Nc3 d5 3. d4 Nf6 4. cxd5 exd5 5. Bg5 Be7 6. e3 c6 7. Bd3 O-O 8. Qc2 h6 9. Bh4 Nh5 {D36: Queen's Gambit Declined: Exchange Variation: Main line (5 Bg5 c6 6 Qc2).} 10. Bxe7 Qxe7 11. Nge2 Re8 {The position is equal.} 12. O-O Nd7 13. Rae1 Nhf6 14. Ng3 {[#]} c5 $146 (14... Nb6 $11) ({Predecessor:} 14... Qd8 15. h3 Nf8 16. f3 Qd6 17. Qf2 Be6 18. e4 dxe4 19. fxe4 Rad8 20. Nce2 Qb4 {1-0 (38) Vrbata,Z (2339)-Hrdina,R (2246) Czech Republic 2019}) 15. Qd2 (15. e4 $16 {aiming for e5.} cxd4 16. Nb5) 15... a6 (15... Qd8 $14) 16. e4 $1 $16 {[%cal Be3e4,Be4d5,Bd5d6][%mdl 32] Threatens to win with e5.} cxd4 17. Nxd5 Qd8 18. Bb1 {White is much more active.} Nxd5 19. exd5 Rxe1 20. Rxe1 (20. Qxe1 $6 Nf6 $11) 20... Nf6 21. Qxd4 Be6 22. d6 Rc8 23. h3 (23. Bf5 $142) 23... Rc4 24. Qd3 (24. Qe5 $16) 24... Rc5 $1 $11 {[%cal Bc4c5,Bc5b5,Bb5b2][%mdl 32]} 25. Ne4 Nxe4 26. Qxe4 {Intending Qh7+ and mate.} Qxd6 27. Qxb7 Rb5 $1 28. Qe4 Rxb2 29. Qh7+ Kf8 30. Bd3 (30. Bf5 $11) 30... Qb4 ({Black should play} 30... Rd2 $1 $17 31. Bf1 (31. Qh8+ Ke7 $17) 31... Qd4 32. Qh8+ Ke7) 31. Re3 Qd4 32. Bf5 Rb6 (32... Rxa2 $2 33. Bxe6 (33. Qh8+ $2 Ke7 $19) 33... fxe6 34. Rf3+ Ke7 35. Qg8 $18) 33. Qh8+ Ke7 34. Qc8 Qd1+ 35. Kh2 {Black must now prevent Qc7+.} Qd6+ 36. g3 {Strongly threatening Bxe6. Dancing on a razor blade.} Rc6 (36... Qd4 $1 $11) 37. Qb7+ $1 $16 Rc7 $2 {[%mdl 8192]} (37... Qd7 $16 38. Qb4+ Ke8) 38. Qe4 $2 ({Only move:} 38. Qb2 $1 $18 {[%cal Rb2g7]} Kf8 39. Qb8+ Ke7 40. Rd3 $1 Bxf5 41. Rxd6 Kxd6 42. Qf8+ Kc6 43. Qxg7) 38... Qc6 $2 (38... Rc5 $1 $14) 39. Qh4+ $18 Ke8 40. Qf4 $1 Rd7 41. Bxe6 $1 fxe6 {[%mdl 4096] Endgame [#] KQR-KQR} 42. Rf3 $1 {[%csl Gf3][%cal Rf4f8]} (42. Qg4 Re7 $16) 42... Qd6 {[#] To avoid Qf8+} 43. Qe4 Qd5 44. Qg6+ (44. Qf4 $6 Qd6) 44... Kd8 45. Rf8+ Kc7 46. Qc2+ Kd6 47. Qa4 (47. Qb2 $18) 47... Qb5 $2 (47... Ke7 $16 {was called for.} 48. Qf4 e5) 48. Qf4+ ({Don't do} 48. Qd4+ $6 Qd5 49. Qb2 a5 $18) 48... Qe5 49. Qb4+ Qc5 50. Qb8+ Qc7 51. Qb2 Qc6 {To avoid Rf3} (51... Rf7 $142 52. Ra8 Qc4) 52. Rb8 {Rb6 is the strong threat.} Kc7 {Inhibits Rb6.} 53. Rg8 {[%csl Gg8][%cal Rb2b8]} ({Don't take} 53. Qe5+ Qd6 54. Qb2 Qd4 55. Qb7+ Kd6 $18) 53... Qf3 $2 (53... Kd6 $18 54. Rb8 Qd5) 54. Qb8+ {White mates.} Kc6 55. Rc8+ Kd5 56. Qa8+ {Weighted Error Value: White=0.29 (precise) /Black=0.49} 1-0

[Event "1st Guwahati GM Open 2022"]
[Site "Guwahati"]
[Date "2022.03.15"]
[Round "3.1"]
[White "Aradhya, Garg"]
[Black "Ponkratov, Pavel"]
[Result "0-1"]
[WhiteElo "2236"]
[BlackElo "2641"]
[Annotator "TA"]
[PlyCount "62"]
[EventDate "2022.03.15"]
[EventCountry "IND"]
[SourceTitle "playchess.com"]
[Source "ChessBase"]
[SourceQuality "1"]

{[%evp 11,62,0,0,0,0,-14,-8,-6,0,-23,-19,-29,-17,-28,-21,-28,-16,-74,-65,-66,-64,-81,-79,-126,-87,-83,-82,-83,-86,-83,-77,-64,-45,-113,-95,-114,-75,-408,-405,-399,-158,-171,-157,-404,-373,-1190,-1166,-1141,-1152,-5797,-770,-3067,-2167]} 1. d4 Nf6 2. c4 e6 3. Nc3 Bb4 4. e3 O-O 5. Bd3 d5 6. cxd5 exd5 7. a3 {E48: Nimzo-Indian: Rubinstein: 5 Bd3 d5 including 6 Ne2, but excluding 6 a3.} Bd6 8. Qc2 {is currently scoring better than 8.Nge2.} b6 9. b4 {The position is equal.} c6 {[%cal Bc7c6,Bc6c5][%mdl 32]} 10. Nge2 a5 11. b5 c5 {[#]} 12. O-O $146 ({Predecessor:} 12. dxc5 bxc5 13. Bf5 Nbd7 14. O-O g6 15. Bh3 Nb6 16. Bxc8 Rxc8 17. h3 Qc7 18. Rd1 {0-1 (47) Kempen,L-Megier,W Australia 1995}) 12... Bb7 13. Ng3 Nbd7 14. Qe2 (14. dxc5 $11 Nxc5 15. Bb2) 14... Rc8 15. Bb2 Re8 16. Qf3 g6 17. Bc2 (17. Rfe1 $142) 17... h5 {[%cal Bh7h5,Bh5h4][%mdl 32]} 18. Bb3 {[%cal Rc3d5]} h4 19. Nge2 {[%cal Rc3d5]} c4 $36 {[%mdl 2048] Black is on the roll.} 20. Bc2 Kg7 21. Nf4 Rh8 22. g3 ({Of course not} 22. Nfxd5 Nxd5 23. Nxd5 Qg5 $17) ({White should play} 22. Qd1 $15) 22... Qe7 23. Rfe1 Rce8 24. Nfxd5 $2 {[%mdl 8192]} (24. Re2 $17 {is a better chance.}) 24... Nxd5 ({Not} 24... Qe6 $2 25. e4 Bxd5 26. Nxd5 Nxd5 27. Re2 $19) 25. Nxd5 Qe6 $2 (25... hxg3 $19 26. fxg3 Qg5) 26. e4 $17 {[%cal Od5b6] [#] And now Nxb6! would win.} Bxd5 27. Re3 $2 {White does not recover from this.} (27. Bc3 $17 {was the only chance.}) 27... Qh3 $19 28. exd5 $2 (28. Qg2 hxg3 29. Qxh3 Rxh3 30. hxg3) 28... hxg3 {Black is clearly winning.} 29. hxg3 Rxe3 30. fxe3 Qh2+ 31. Kf1 Qxc2 {Weighted Error Value: White=0.80/Black=0.20 (precise)} 0-1

[Event "1st Guwahati GM Open 2022"]
[Site "Guwahati"]
[Date "2022.03.15"]
[Round "3.2"]
[White "Poormosavi, Seyed Kian"]
[Black "Delgado Ramirez, Neuris"]
[Result "0-1"]
[WhiteElo "2229"]
[BlackElo "2615"]
[Annotator "TA"]
[PlyCount "90"]
[EventDate "2022.03.15"]
[EventCountry "IND"]
[SourceTitle "playchess.com"]
[Source "ChessBase"]
[SourceQuality "1"]

{[%evp 12,90,14,0,27,27,34,29,27,22,29,9,6,-22,-7,-10,9,-36,48,48,46,48,52,10,14,0,0,16,45,46,42,60,77,77,70,68,68,7,65,65,95,92,99,72,80,77,87,47,49,0,0,-21,0,0,0,0,0,-201,-197,-196,-207,-199,-190,-255,-255,-340,-311,-328,-316,-320,-320,-314,-312,-282,-333,-324,-282,-589,-576,-540,-533]} 1. Nf3 Nf6 2. g3 d5 3. Bg2 c6 4. b3 Bg4 5. Bb2 Nbd7 6. O-O e6 7. d3 Bxf3 {A07: Réti Opening: New York and Capablanca Systems.} 8. exf3 Bd6 9. f4 O-O {White has an edge.} 10. Re1 a5 11. Nd2 a4 {[#]} 12. c4 $146 ({Predecessor:} 12. Nf3 Bb4 13. Re2 axb3 14. cxb3 Qb6 15. a3 Bd6 16. Bh3 Rfe8 17. Qc2 Qc5 18. Qd2 {½-½ (26) Urban,J (2390)-Lengyel,L (2385) Budapest 1993}) 12... Bb4 13. Qc2 Nc5 14. Bc3 (14. Red1 $11) 14... Na6 (14... Bxc3 $1 $15 15. Qxc3 d4) 15. Bxb4 $1 $14 Nxb4 16. Qc3 c5 17. d4 (17. bxa4 $14 {was preferrable.} dxc4 18. dxc4) 17... a3 $11 18. dxc5 Qa5 {[%cal Od5d4]} 19. cxd5 Nfxd5 20. Bxd5 exd5 21. Re7 $36 {[%mdl 2048] Black is under pressure.} b6 22. cxb6 (22. c6 Nxc6 23. Qxa5 (23. Qxc6 Qxd2 24. Qb5 g6 $11) 23... bxa5 $11) 22... Qxb6 {Threatens to win with ...Rfc8.} 23. Nf3 Rfc8 {Inhibits Rc7.} 24. Qe5 ({White should try} 24. Qd4 $14 Qb5 25. Qe5) 24... Nc6 (24... Nd3 $1 $11 25. Qe2 (25. Qxd5 Qf6 $11) 25... Qf6) 25. Qd6 $14 {[%cal Oe7f7]} Qb8 26. Qxb8 Raxb8 27. Rd7 Nb4 {[%cal Bc6b4,Bb4d3,Bd3f2,Bf2g4,Bg4e3,Be3c2][%mdl 32]} 28. Nd4 h6 29. Ra7 Ra8 $1 30. Rb7 (30. Rxa8 $14 Rxa8 31. Kg2) 30... Nd3 $11 31. Nf5 {Black must now prevent Ne7+.} Rc2 32. Ne7+ Kh7 33. Nxd5 Nxf2 34. Nb4 $2 (34. Rxf7 $11 {and White stays safe.} Nh3+ 35. Kh1) 34... Rb2 $19 35. Rc1 (35. Rxf7 $2 Nh3+ 36. Kh1 Rd8 $19) 35... Rd8 36. Rbc7 {[#]} ({But not} 36. Rxf7 $2 Rdd2 37. Nc2 Nh3+ 38. Kh1 Rxa2 $19) 36... Ng4 $1 37. R7c2 {[#]} ({Don't go for} 37. Rxf7 $2 Rdd2 38. Nc2 Rdxc2 39. Rxc2 Rxc2 $19) (37. h3 {might work better.} Ne3 38. Nc2 (38. Rxf7 Rg2+ 39. Kh1 Rdd2)) 37... Rxc2 $1 38. Nxc2 {[%mdl 4096] Endgame KRN-KRN} Rc8 {[%cal Og4e3]} 39. b4 {[#]} Ne3 $1 {[%mdl 512]} 40. Re1 Nxc2 41. Rc1 Rc4 42. Kf2 Kg6 {...Kf5 is the strong threat.} 43. b5 Ne3 44. Rb1 (44. Rxc4 {was the crucial defense.} Nxc4 45. Ke2) 44... Nd5 {aiming for ...Rc2+.} 45. b6 Rc2+ {Weighted Error Value: White=0.30/Black=0.11 (very precise)} 0-1

[Event "1st Guwahati GM Open 2022"]
[Site "Guwahati"]
[Date "2022.03.15"]
[Round "3.4"]
[White "Stany, G.A."]
[Black "Parnali, S Dharia"]
[Result "1-0"]
[WhiteElo "2517"]
[BlackElo "2224"]
[Annotator "TA"]
[PlyCount "75"]
[EventDate "2022.03.15"]
[EventCountry "IND"]
[SourceTitle "playchess.com"]
[Source "ChessBase"]
[SourceQuality "1"]

{[%evp 14,75,25,0,0,0,0,-13,0,-15,-8,-11,-19,-51,27,14,25,-3,24,16,17,18,19,19,16,15,37,19,20,12,18,10,43,55,39,33,54,58,58,7,56,1,113,108,169,166,159,169,240,183,312,305,443,443,459,478,481,476,520,514,521,523,491,448]} 1. d4 d5 {[%cal Bd7d5,Bd5c4][%mdl 32]} 2. c4 e6 3. Nf3 Nf6 4. g3 dxc4 5. Bg2 Bd7 6. Ne5 Bc6 7. Nxc6 Nxc6 8. Qa4 Qd7 {E04: Open Catalan: 5 Nf3.} 9. Qxc4 Nxd4 10. O-O {has lost popularity (10.Bxb7).} c6 {The position is equal.} 11. Nc3 e5 {[#] Prevents Bf4.} 12. Rd1 $146 ({Predecessor:} 12. f4 Qe6 13. Qd3 Rd8 14. fxe5 Bc5 15. Kh1 Qxe5 16. Bf4 Qh5 17. Ne4 Nxe4 18. Qxe4+ {0-1 (44) Abdyjapar,A (2402)-Vokhidov,S (2343) Dushanbe 2015}) 12... Qe6 13. Qa4 Qg4 {[#]} (13... a5 $15 14. Rd3 Bb4) 14. Bf4 $1 $11 Bc5 15. e3 Nf3+ ({Much less strong is} 15... exf4 16. exd4 Bb6 17. Bxc6+ $1 Kf8 18. Bxb7 $14) 16. Bxf3 Qxf3 17. Bxe5 Ng4 18. Qf4 {The board is on fire. Active counter play!} Qxf4 19. Bxf4 Rd8 20. Kg2 {[%cal Bg1g2,Bg2f3,Bf3f4][%mdl 32]} f5 21. h3 Nf6 22. Kf3 h5 23. Rxd8+ Kxd8 24. Rd1+ Kc8 25. Be5 {And now Bxf6 would win.} Be7 26. Kf4 (26. Bd4 $14) 26... Rf8 (26... g6 $1 $11) 27. Bd6 (27. Bd4 $14) 27... g5+ {[#]} (27... Bxd6+ $11 28. Rxd6 Ne4) 28. Ke5 $1 $16 Kd8 {[#]} (28... Kd7 $16 {was necessary.}) 29. Ke6 $1 $18 Bxd6 30. Rxd6+ {[%mdl 4096] Endgame KRN-KRN} ({Don't blunder} 30. Kxd6 $2 Nd7 31. Nd5 cxd5 $19) 30... Kc7 (30... Ke8 {keeps fighting.}) 31. Rd2 g4 (31... Ne4 {might work better.} 32. Nxe4 fxe4) 32. Ke7 Nh7 (32... gxh3 $142 33. Kxf8 Ng4) 33. h4 {White is clearly winning.} b5 34. Ne2 Kb6 35. Nf4 Rc8 36. Nxh5 b4 37. Ke6 c5 38. Kxf5 {Weighted Error Value: White=0.11 (very precise) /Black=0.33} 1-0